Trabalho, Constituiȯ̂ e Cidadania A dimensô coletiva dos direitos sociais trabalhistas /

Detalles Bibliográficos
Autor principal: Neves Delgado, Gabriela
Formato: eBook
Lenguaje:portugués
Publicado: Sao Paulo : Ltr, 2014
Materias:
Acceso en línea:Acceso restringido

MARC

LEADER 00000nam a22000007a 4500
005 20141024122733.0
007 cr|||| ||||
008 141024s2014 br |||||s|||| 00||0 por d
020 |a 978-85-361-2941-9 
035 |a 12494 
040 |a vLex 
090 |c 5271  |d 5271 
100 1 |a Neves Delgado, Gabriela 
245 1 0 |a Trabalho, Constituiȯ̂ e Cidadania  |h [Recurso electrn̤ico] :  |b A dimensô coletiva dos direitos sociais trabalhistas /  |c Gabriela Neves Delgado, Ricardo Jos ̌Macd̊o de Britto Pereira  
256 |a Servicio en ln̕ea 
260 |a Sao Paulo :  |b Ltr,  |c 2014 
300 |a 1 recurso electrn̤ico 
506 1 |a Contenido solo disponible en los productos indicados  |d vLex Global  |d vLex Global (Academic Edition, excluding Law Schools)  |d vLex Global (U.S. Academic Edition, Law Schools)  |d vLex Global (U.S. Academic Edition, excluding Law Schools)  |d vLex Global (Academic Edition, Law Schools) 
650 0 4 |a Derecho laboral  |z Brasil 
740 0 |a vLex Libros (Servicio en ln̕ea) 
856 4 0 |u http://vlex.com/source/trabalho-constitui-o-cidadania-12494  |z Acceso restringido 
942 |c BOOK 
999 0 |a Labor laws and legislation